Daňový úver - zníženie základu dane z príjmov z podnikania
Ustanovenie 41 ods. 16 zákona č. 286/1992 Zb. o daniach z príjmov v znení zákona č. 172/1994, ktorým sa menil a dopĺňal zákon o daniach z príjmov si daňovník fyzická osoba môže v prvom roku vzniku daňovej povinnosti znížiť základ dane z príjmov z podnikania. Vysvetlenie ustanovenia vzniku daňovej...
Gespeichert in:
| 1. Verfasser: | |
|---|---|
| Format: | Buchkapitel |
| Sprache: | Slowakisch |
| Schlagworte: | |
| Tags: |
Keine Tags, Fügen Sie das erste Tag hinzu!
|
MARC
| LEADER | 00000naa a2200000 4500 | ||
|---|---|---|---|
| 001 | r032679 | ||
| 005 | 20230912112438.2 | ||
| 041 | 0 | |a slo | |
| 044 | |a SK | ||
| 245 | 1 | 0 | |a Daňový úver - zníženie základu dane z príjmov z podnikania |c Svetlana Faiglová |
| 520 | |a Ustanovenie 41 ods. 16 zákona č. 286/1992 Zb. o daniach z príjmov v znení zákona č. 172/1994, ktorým sa menil a dopĺňal zákon o daniach z príjmov si daňovník fyzická osoba môže v prvom roku vzniku daňovej povinnosti znížiť základ dane z príjmov z podnikania. Vysvetlenie ustanovenia vzniku daňovej povinnosti. Vznik nároku na zníženie základu dane. | ||
| 610 | 2 | 0 | |a dane z príjmov |
| 610 | 2 | 0 | |a úver |
| 610 | 2 | 0 | |a dane |
| 610 | 2 | 0 | |a podnikanie |
| 610 | 2 | 0 | |a povinnosť daňová |
| 610 | 2 | 0 | |a daňovníci |
| 610 | 2 | 0 | |a osoby fyzické |
| 610 | 2 | 0 | |a úľavy daňové |
| 610 | 2 | 0 | |a základ dane |
| 100 | 1 | |a Faiglová, Svetlana | |